<?xml version="1.0" encoding="UTF-8"?>
<record
    xmlns:xsi="http://www.w3.org/2001/XMLSchema-instance"
    xsi:schemaLocation="http://www.loc.gov/MARC21/slim http://www.loc.gov/standards/marcxml/schema/MARC21slim.xsd"
    xmlns="http://www.loc.gov/MARC21/slim">

  <leader>00749cam a22002411  4500</leader>
  <controlfield tag="001">2172394</controlfield>
  <controlfield tag="003">OSt</controlfield>
  <controlfield tag="005">20231214130015.0</controlfield>
  <controlfield tag="008">711007s1968    nyuac    b    000 0 eng  </controlfield>
  <datafield tag="010" ind1=" " ind2=" ">
    <subfield code="a">   67031211 </subfield>
  </datafield>
  <datafield tag="020" ind1=" " ind2=" ">
    <subfield code="a">9789354244919</subfield>
  </datafield>
  <datafield tag="040" ind1=" " ind2=" ">
    <subfield code="a">DLC</subfield>
    <subfield code="c">DLC</subfield>
    <subfield code="d">DLC</subfield>
  </datafield>
  <datafield tag="050" ind1="0" ind2="0">
    <subfield code="a">QC6</subfield>
    <subfield code="b">.R388</subfield>
  </datafield>
  <datafield tag="082" ind1="0" ind2="0">
    <subfield code="a">530.11</subfield>
    <subfield code="b">RES/I</subfield>
  </datafield>
  <datafield tag="100" ind1=" " ind2=" ">
    <subfield code="a">Resnick, Robert </subfield>
    <subfield code="d">1923-</subfield>
    <subfield code="9">4461</subfield>
  </datafield>
  <datafield tag="245" ind1="1" ind2="0">
    <subfield code="a">Introduction to special relativity./</subfield>
    <subfield code="c">Robert Resnick</subfield>
  </datafield>
  <datafield tag="260" ind1=" " ind2=" ">
    <subfield code="a">New York,</subfield>
    <subfield code="b">Wiley</subfield>
    <subfield code="c">[1968]</subfield>
  </datafield>
  <datafield tag="300" ind1=" " ind2=" ">
    <subfield code="a">x, 226 p.</subfield>
    <subfield code="b">illus., ports.</subfield>
    <subfield code="c">23 cm.</subfield>
  </datafield>
  <datafield tag="504" ind1=" " ind2=" ">
    <subfield code="a">Includes bibliographies.</subfield>
  </datafield>
  <datafield tag="650" ind1=" " ind2="0">
    <subfield code="a">Special relativity (Physics)</subfield>
  </datafield>
  <datafield tag="906" ind1=" " ind2=" ">
    <subfield code="a">7</subfield>
    <subfield code="b">cbc</subfield>
    <subfield code="c">orignew</subfield>
    <subfield code="d">u</subfield>
    <subfield code="e">ocip</subfield>
    <subfield code="f">19</subfield>
    <subfield code="g">y-gencatlg</subfield>
  </datafield>
  <datafield tag="942" ind1=" " ind2=" ">
    <subfield code="2">ddc</subfield>
    <subfield code="c">BK</subfield>
    <subfield code="h">530.11</subfield>
    <subfield code="i">RES/I</subfield>
    <subfield code="k">530.11</subfield>
    <subfield code="m">RES/I</subfield>
  </datafield>
  <datafield tag="952" ind1=" " ind2=" ">
    <subfield code="0">0</subfield>
    <subfield code="1">0</subfield>
    <subfield code="2">ddc</subfield>
    <subfield code="4">0</subfield>
    <subfield code="7">0</subfield>
    <subfield code="8">PHYSICS</subfield>
    <subfield code="a">MES</subfield>
    <subfield code="b">MES</subfield>
    <subfield code="c">PHY</subfield>
    <subfield code="d">2023-12-14</subfield>
    <subfield code="l">1</subfield>
    <subfield code="o">530.11 RES/I</subfield>
    <subfield code="p">44190</subfield>
    <subfield code="r">2024-09-11 10:25:06</subfield>
    <subfield code="s">2024-08-29</subfield>
    <subfield code="t">4</subfield>
    <subfield code="v">649.00</subfield>
    <subfield code="w">2023-12-14</subfield>
    <subfield code="y">BK</subfield>
    <subfield code="z">GL11R2</subfield>
  </datafield>
  <datafield tag="952" ind1=" " ind2=" ">
    <subfield code="0">0</subfield>
    <subfield code="1">0</subfield>
    <subfield code="2">ddc</subfield>
    <subfield code="4">0</subfield>
    <subfield code="7">0</subfield>
    <subfield code="8">PHYSICS</subfield>
    <subfield code="a">MES</subfield>
    <subfield code="b">MES</subfield>
    <subfield code="c">PHY</subfield>
    <subfield code="d">2023-12-14</subfield>
    <subfield code="l">0</subfield>
    <subfield code="o">530.11 RES/I</subfield>
    <subfield code="p">44189</subfield>
    <subfield code="r">2023-12-14 12:59:00</subfield>
    <subfield code="t">3</subfield>
    <subfield code="v">649.00</subfield>
    <subfield code="w">2023-12-14</subfield>
    <subfield code="y">BK</subfield>
    <subfield code="z">GL11R2</subfield>
  </datafield>
  <datafield tag="952" ind1=" " ind2=" ">
    <subfield code="0">0</subfield>
    <subfield code="1">0</subfield>
    <subfield code="2">ddc</subfield>
    <subfield code="4">0</subfield>
    <subfield code="7">0</subfield>
    <subfield code="8">PHYSICS</subfield>
    <subfield code="a">MES</subfield>
    <subfield code="b">MES</subfield>
    <subfield code="c">PHY</subfield>
    <subfield code="d">2023-12-14</subfield>
    <subfield code="l">0</subfield>
    <subfield code="o">530.11 RES/I</subfield>
    <subfield code="p">44188</subfield>
    <subfield code="r">2023-12-14 12:59:00</subfield>
    <subfield code="t">2</subfield>
    <subfield code="v">649.00</subfield>
    <subfield code="w">2023-12-14</subfield>
    <subfield code="y">BK</subfield>
    <subfield code="z">GL11R2</subfield>
  </datafield>
  <datafield tag="952" ind1=" " ind2=" ">
    <subfield code="0">0</subfield>
    <subfield code="1">0</subfield>
    <subfield code="2">ddc</subfield>
    <subfield code="4">0</subfield>
    <subfield code="7">0</subfield>
    <subfield code="8">PHYSICS</subfield>
    <subfield code="a">MES</subfield>
    <subfield code="b">MES</subfield>
    <subfield code="c">PHY</subfield>
    <subfield code="d">2023-12-14</subfield>
    <subfield code="l">0</subfield>
    <subfield code="o">530.11 RES/I</subfield>
    <subfield code="p">44187</subfield>
    <subfield code="r">2023-12-14 12:59:00</subfield>
    <subfield code="t">1</subfield>
    <subfield code="v">649.00</subfield>
    <subfield code="w">2023-12-14</subfield>
    <subfield code="y">BK</subfield>
    <subfield code="z">GL11R2</subfield>
  </datafield>
  <datafield tag="999" ind1=" " ind2=" ">
    <subfield code="c">44217</subfield>
    <subfield code="d">44217</subfield>
  </datafield>
</record>
